[Event "SEMI B044 email"]
[Site "SEMI email"]
[Date "2004.09.01"]
[Round "?"]
[White "D'Agosta, Roberto"]
[Black "Santini, Nunzio"]
[Result "1-0"]
[WhiteElo "1270"]
[BlackElo "1200"]
[PlyCount "59"]
[EventDate "2004.09.01"]
[EventType "tourn (corr)"]
[EventRounds "6"]
[EventCountry "ITA"]
[SourceTitle "Corr 2008"]
[Source "ChessBase"]
[SourceDate "2008.06.24"]
[SourceVersion "1"]
[SourceVersionDate "2008.06.24"]
[SourceQuality "1"]

1. e4 c6 2. d4 d5 3. e5 Bf5 4. Bd3 Bxd3 5. Qxd3 e6 6. Nf3 Ne7 7. 0-0 Ng6 8. g3 Nd7 9. h4 h5 10. Nc3 Be7 11. Ng5 Qc7 12. Ne2 Ngf8 13. Bf4 0-0-0 14. Nxf7 Rg8 15. Nxd8 Qxd8 16. c4 g5 17. Bxg5 Bxg5 18. hxg5 Qxg5 19. cxd5 exd5 20. f4 Qd8 21. Qe3 Ne6 22. f5 Ng5 23. f6 Qe8 24. f7 Nxf7 25. e6 Ng5 26. exd7+ Qxd7 27. Qa3 Qe6 28. Rf8+ Rxf8 29. Qxf8+ Kd7 30. Qg7+ 1-0

[Event "IECG CB.2004.0.00107 email"]
[Site "IECG email"]
[Date "2004.03.07"]
[Round "?"]
[White "Santini, Nunzio"]
[Black "Champion, William R"]
[Result "1/2-1/2"]
[WhiteElo "1886"]
[BlackElo "1859"]
[PlyCount "71"]
[EventDate "2004.03.07"]
[EventType "tourn (corr)"]
[EventRounds "6"]
[SourceTitle "Corr 2008"]
[Source "ChessBase"]
[SourceDate "2008.06.24"]
[SourceVersion "1"]
[SourceVersionDate "2008.06.24"]
[SourceQuality "1"]

1. e4 c6 2. d4 d5 3. exd5 cxd5 4. c4 Nf6 5. Nc3 e6 6. c5 Be7 7. Nf3 0-0 8. Be3 Nc6 9. a3 Bd7 10. b4 Ne4 11. Qc2 f5 12. b5 Nb8 13. Be2 Qa5 14. Bd2 Nxd2 15. Qxd2 Qc7 16. 0-0 Bf6 17. Rfe1 a5 18. b6 Qc8 19. Bb5 Nc6 20. Bxc6 Bxc6 21. Ne5 Bxe5 22. Rxe5 Rf6 23. Ne2 a4 24. Re1 Qd7 25. Nf4 Re8 26. Qe3 Kf7 27. Nh3 h6 28. Nf4 g5 29. Nd3 Kg7 30. g3 Bb5 31. f4 Bxd3 32. fxg5 hxg5 33. Qxd3 Rg6 34. Qe2 Kf7 35. Rc1 Qc6 36. Rf1 1/2-1/2

[Event "Marco Polo corr"]
[Site "Italy"]
[Date "1982.??.??"]
[Round "?"]
[White "Mauro, Lucio"]
[Black "Santini, Nunzio"]
[Result "1-0"]
[WhiteElo "1605"]
[BlackElo "1895"]
[PlyCount "63"]
[EventDate "1982.??.??"]
[EventType "tourn (corr)"]
[EventRounds "9"]
[EventCountry "ITA"]
[SourceTitle "Corr 2002"]
[Source "ChessBase"]
[SourceDate "2002.05.23"]
[SourceVersion "1"]
[SourceVersionDate "2002.05.23"]
[SourceQuality "1"]

1. e4 c6 2. d4 d5 3. Nc3 dxe4 4. Nxe4 Bf5 5. Ng3 Bg6 6. h4 h6 7. Nf3 Nd7 8. Bd3 Bxd3 9. Qxd3 Qc7 10. Bd2 e6 11. 0-0-0 Ngf6 12. Kb1 0-0-0 13. c4 c5 14. Qe2 Bd6 15. Ne4 Nxe4 16. Qxe4 Nf6 17. Qe2 Rhe8 18. Bc3 Qc6 19. dxc5 Bxc5 20. b4 Be7 21. b5 Qb6 22. Rxd8+ Rxd8 23. Ne5 Rf8 24. a4 a5 25. Nc6 Qc5 26. Nxa5 Qa3 27. Qf3 Nd5 28. cxd5 Bb4 29. d6 Bxc3 30. Qxb7+ Kd8 31. Nc6+ Ke8 32. Qc8# 1-0